Famous Fictional Spies By Picture - Statistics

General Stats
  • This quiz has been taken 140 times
  • The average score is 6 of 16
Answer Stats
Picture Answer % Correct
James Bond
98%
Jason Bourne
80%
Austin Powers
73%
Johnny English
59%
Natasha Romanoff
58%
Ethan Hunt
57%
Agent K
42%
Jack Ryan
42%
Jack Bauer
33%
Maxwell Smart
19%
Emma Peel
14%
Harry Hart
11%
Bryan Mills
9%
Harry Tasker
5%
Lorraine Broughton
4%
Michael Western
0%
No matching quizzes found
Score Distribution
Percent of People with Each Score
Percentile by Number Answered
Your Score History
You have not taken this quiz